Capitalism with Morality

Salvato in:
Dettagli Bibliografici
Autore principale: Haslett, David W.
Natura: Libro
Lingua:inglese
Pubblicazione: Oxford Clarendon Press 1996
Edizione:Repr.
Soggetti:
Tags: Aggiungi Tag
Nessun Tag, puoi essere il primo ad aggiungerne!!

MARC

LEADER 00000nam a2200000 4500
001 c015459
005 20230105072601.1
020 |a 0-19-828553-1 
041 0 |a eng 
044 |a GB 
245 1 0 |a Capitalism with Morality  |c David W. Haslett 
250 |a Repr. 
264 1 |a Oxford  |b Clarendon Press  |c 1996 
300 |a 280 s. 
610 2 0 |a kapitalizmus 
610 2 0 |a etika 
610 2 0 |a morálka 
610 2 0 |a ekonómia politická kapitalizmu 
610 2 0 |a ekonómia politická socializmu 
610 2 0 |a porovnanie medzinárodné 
610 2 0 |a hospodárstvo kapitalistické 
100 1 |a Haslett, David W.